<?xml version="1.0" encoding="UTF-8"?>
<record
    xmlns:xsi="http://www.w3.org/2001/XMLSchema-instance"
    xsi:schemaLocation="http://www.loc.gov/MARC21/slim http://www.loc.gov/standards/marcxml/schema/MARC21slim.xsd"
    xmlns="http://www.loc.gov/MARC21/slim">

  <leader>00776nam a2200241 a 4500</leader>
  <controlfield tag="001">BRL_1733</controlfield>
  <controlfield tag="005">20190320211338.0</controlfield>
  <controlfield tag="008">230715s1982----mx-a######---#000-0#spa-#</controlfield>
  <datafield tag="041" ind1=" " ind2=" ">
    <subfield code="a">spa</subfield>
  </datafield>
  <datafield tag="044" ind1=" " ind2=" ">
    <subfield code="a">mx</subfield>
  </datafield>
  <datafield tag="050" ind1=" " ind2="4">
    <subfield code="a">F1366</subfield>
    <subfield code="b">.M86 1892</subfield>
  </datafield>
  <datafield tag="100" ind1="1" ind2=" ">
    <subfield code="a">Mu&#xF1;oz Camargo, Diego</subfield>
    <subfield code="d">?-1604</subfield>
    <subfield code="9">8131</subfield>
  </datafield>
  <datafield tag="245" ind1="1" ind2="0">
    <subfield code="a">Historia de Tlaxcala</subfield>
    <subfield code="b">[cr&#xF3;nica del siglo XVI]</subfield>
    <subfield code="c">por Diego Mu&#xF1;oz Camargo ; anotada por Alfredo Chavero.</subfield>
  </datafield>
  <datafield tag="260" ind1=" " ind2=" ">
    <subfield code="a">M&#xE9;xico</subfield>
    <subfield code="b">Innovaci&#xF3;n</subfield>
    <subfield code="c">1982</subfield>
  </datafield>
  <datafield tag="300" ind1=" " ind2=" ">
    <subfield code="a">278 p., vi, 48 l&#xE1;minas</subfield>
    <subfield code="b">il.</subfield>
    <subfield code="c">20</subfield>
  </datafield>
  <datafield tag="500" ind1=" " ind2=" ">
    <subfield code="a">Au1906</subfield>
  </datafield>
  <datafield tag="500" ind1=" " ind2=" ">
    <subfield code="a">Versi&#xF3;n enriquecida con 48 l&#xE1;minas del Lienzo de Tlaxcala</subfield>
  </datafield>
  <datafield tag="651" ind1=" " ind2="4">
    <subfield code="a">M&#xE9;xico</subfield>
    <subfield code="x">Historia</subfield>
    <subfield code="9">614</subfield>
  </datafield>
  <datafield tag="651" ind1=" " ind2="4">
    <subfield code="a">Tlaxcala (Estado)</subfield>
    <subfield code="x">Historia</subfield>
    <subfield code="9">8132</subfield>
  </datafield>
  <datafield tag="700" ind1="1" ind2=" ">
    <subfield code="a">Chavero, Alfredo</subfield>
    <subfield code="d">1841-1906</subfield>
    <subfield code="9">23493</subfield>
  </datafield>
  <datafield tag="902" ind1=" " ind2=" ">
    <subfield code="a">GRL</subfield>
  </datafield>
  <datafield tag="942" ind1=" " ind2=" ">
    <subfield code="2">lcc</subfield>
    <subfield code="c">B</subfield>
  </datafield>
  <datafield tag="999" ind1=" " ind2=" ">
    <subfield code="c">10541</subfield>
    <subfield code="d">10541</subfield>
  </datafield>
  <datafield tag="952" ind1=" " ind2=" ">
    <subfield code="0">0</subfield>
    <subfield code="1">0</subfield>
    <subfield code="4">0</subfield>
    <subfield code="7">0</subfield>
    <subfield code="a">BRL</subfield>
    <subfield code="b">BRL</subfield>
    <subfield code="d">2015-07-23</subfield>
    <subfield code="i">Au1906</subfield>
    <subfield code="l">0</subfield>
    <subfield code="o">F1366 .M86 1892 (Au1906)</subfield>
    <subfield code="p">GRL01899</subfield>
    <subfield code="r">2019-03-22 00:00:00</subfield>
    <subfield code="w">2019-03-22</subfield>
    <subfield code="y">B</subfield>
  </datafield>
</record>
